| 000 | 01084nam a2200289 c 4500 | ||
|---|---|---|---|
| 999 |
_c124369 _d124369 |
||
| 003 | BLK | ||
| 005 | 20211214141023.0 | ||
| 008 | 180409b bul|||||r ||||||| ||bul|| | ||
| 010 | _aKNG00130035000 | ||
| 040 | _aBLK | ||
| 041 |
_aBUL _cBUL |
||
| 080 |
_aБългарска литература _b821.163.2 _x-31 _z821.163.2-31 |
||
| 100 | 1 |
_aБарух, Арманд Сабат _eпърви автор _9301770 |
|
| 139 |
_aБарух, Арманд Сабат _bБ 27 |
||
| 245 | 1 | 0 |
_aСъдбоносна есен _bРоман _cАрманд Сабат Барух. |
| 250 | _a2. прераб. изд. | ||
| 257 | _aBGR | ||
| 260 |
_bБълг. писател _c1961 _aСофия |
||
| 300 |
_a372 с. _b1 л. портр. _c18 см |
||
| 380 | _aX | ||
| 500 | _a1. изд. 1949 изд. на Нар. култура. - 10 100 тир. | ||
| 852 |
_aЦб 18430 _bЦб |
||
| 942 |
_cKNG _n0 _s1 |
||
| 944 |
_aCR _c25.04.2012 _l25.04.2012 - от С1,Р / 25.04.2012 _kЕлица_Владова |
||
| 944 |
_aED _c20.09.2017 _l25.04.2012 - от С1,Р / 25.04.2012 _kВася_Ганчева |
||
| 999 | _d124369 | ||